Statistics for Županije Hrvatske

Click here to take the quiz!

General Stats

  • This quiz has been taken 1 276 times
  • The average score is 15 of 21

Answers on the Map

Answers color-coded by a green-red scale on the quiz's map according to % correct below.
 

Answer Stats

Županija% Correct
Grad Zagreb
98%
Istarska
94%
Zagrebačka
86%
Splitsko-dalmatinska
85%
Zadarska
84%
Dubrovačko-neretvanska
82%
Osječko-baranjska
79%
Ličko-senjska
78%
Šibensko-kninska
78%
Vukovarsko-srijemska
78%
Međimurska
77%
Karlovačka
76%
Varaždinska
72%
Primorsko-goranska
69%
Brodsko-posavska
67%
Sisačko-moslavačka
65%
Krapinsko-zagorska
62%
Bjelovarsko-bilogorska
58%
Požesko-slavonska
58%
Koprivničko-križevačka
51%
Virovitičko-podravska
46%

Score Distribution

Percentile by Number Answered

Percent of People with Each Score

Your Score History

You have not taken this quiz